[Event "XXXVII Miedzynarodowy Turniej Szachowy o Puchar Wojewody Dolnoslaskiego"]
[Site "Legnica"]
[Date "1899-12-30"]
[Round "6.1"]
[White "Nowak, Lukasz"]
[Black "Seemann, Jakub"]
[Result "1-0"]
[WhiteTitle "FM"]
[BlackTitle "FM"]
[WhiteElo "2397"]
[BlackElo "2446"]

1. c4 Nf6 2. Nc3 g6 3. g3 Bg7 4. Bg2 O-O 5. d4 d6 6. Nf3 Nbd7 7. O-O e5 8. e4 exd4
9. Nxd4 Nc5 10. f3 c6 11. Be3 Ne6 12. Nde2 b6 13. Qd2 Ba6 14. b3 Qc7 15. Rac1
Rfd8 16. Rfd1 Qe7 17. h3 Rac8 18. g4 d5 19. cxd5 cxd5 20. g5 dxe4 21. gxf6 Qb7
22. Nd5 1-0

[Event "XXXVII Miedzynarodowy Turniej Szachowy o Puchar Wojewody Dolnoslaskiego"]
[Site "Legnica"]
[Date "1899-12-30"]
[Round "6.2"]
[White "Dzida, Kamil"]
[Black "Haba, Petr"]
[Result "1/2-1/2"]
[WhiteTitle "m"]
[BlackTitle "GM"]
[WhiteElo "2352"]
[BlackElo "2447"]

1. d4 e6 2. Nf3 Nf6 3. c4 Bb4+ 4. Bd2 Qe7 5. Nc3 O-O 6. g3 d6 7. Bg2 Bxc3 8. Bxc3
Ne4 9. Qc2 Nxc3 10. Qxc3 Nd7 11. O-O e5 12. Rac1 e4 13. Ne1 Nf6 14. Nc2 c6 15.
f4 exf3 16. exf3 Re8 17. Rce1 Qc7 18. Ne3 Bd7 19. c5 dxc5 20. dxc5 Qe5 21. Qxe5
Rxe5 22. b4 a5 23. f4 Ree8 24. b5 Ne4 25. Nc4 Nxc5 26. Nb6 Rad8 27. Nxd7 Nxd7
28. Rxe8+ Rxe8 29. bxc6 bxc6 30. Bxc6 Re7 31. Rd1 Nf8 32. Rd8 Rc7 33. Ba4 Rc5
34. Bb3 g5 35. fxg5 Rxg5 36. Ra8 Rf5 37. Kg2 h5 38. h3 Kg7 39. Ra7 Ng6 40. g4
hxg4 41. hxg4 Rc5 42. Kf3 Ne5+ 43. Ke4 Nxg4 44. Rxf7+ Kg6 45. Ra7 Nf6+ 46. Kd4
Rg5 47. Bc2+ Kh6 48. Rf7 Rd5+ 49. Kc4 Rd6 50. Kb5 Nd5 51. Kxa5 Nc3 52. a3 Rd2
53. Bb3 Nb1 54. a4 Nc3 55. Kb4 Nxa4 56. Kxa4 Kg6 57. Rf1 Kg7 58. Kb4 Rg2 59. Kc5
Rg5+ 60. Kd6 Rg6+ 61. Be6 Rg5 62. Ke7 Kh6 63. Kf6 Rg6+ 64. Ke5 Kg7 65. Rf7+ Kh6
66. Ra7 Rg5+ 67. Kf4 Rg7 68. Ra2 Kg6 69. Bf5+ Kf6 70. Ra6+ Ke7 71. Ke5 Kf8 72.
Kf6 Rf7+ 73. Kg5 Rg7+ 74. Bg6 Re7 75. Kh6 Re5 76. Ra7 Re6 77. Rf7+ Ke8 78. Kg5
Kd8 79. Bf5 Re7 80. Rf6 Kc7 81. Be6 Kd6 82. Kf5 Kc5 83. Ke5 Rc7 84. Rf1 Kb6 85.
Bd5 Kc5 86. Rb1 Re7+ 87. Be6 Rc7 88. Rd1 Kb6 89. Bd5 Kc5 90. Be6 Kb6 91. Bd7 Kc5
92. Rd5+ Kb6 93. Kd6 Rb7 94. Bc6 Rb8 95. Kd7 Ka7 96. Kc7 Rb7+ 97. Kd6 Rb2 98.
Kc5 Rc2+ 99. Kb5 Rb2+ 100. Ka5 Ra2+ 101. Ba4 Kb7 102. Rd7+ Kc8 103. Rh7 Kd8 104.
Rd7+ Kc8 105. Rh7 Kd8 106. Kb6 1/2-1/2

[Event "XXXVII Miedzynarodowy Turniej Szachowy o Puchar Wojewody Dolnoslaskiego"]
[Site "Legnica"]
[Date "1899-12-30"]
[Round "6.3"]
[White "Bogdanov, Egor"]
[Black "Klimkowski, Jan"]
[Result "1/2-1/2"]
[WhiteTitle "IM"]
[BlackTitle "FM"]
[WhiteElo "2394"]
[BlackElo "2474"]

1. e4 e5 2. Nf3 Nc6 3. d4 exd4 4. Bc4 Nf6 5. e5 d5 6. Bb5 Ne4 7. Nxd4 Bc5 8. O-O
O-O 9. Bxc6 bxc6 10. Be3 Bxd4 11. Bxd4 c5 12. Be3 Rb8 13. Nc3 d4 14. Nxe4 dxe3
15. b3 Qh4 16. f4 Bb7 17. Nxc5 Ba8 18. Qe2 Rb6 19. Qxe3 Rh6 20. h3 Rg6 21. Ne4
Bxe4 22. Qxe4 Qxh3 23. Rad1 Rg4 24. Rd3 Qh6 25. g3 Qb6+ 26. Kg2 h5 27. Re1 Re8
28. Red1 h4 29. Rh1 g5 30. Rf1 Qh6 31. Qf5 Qh5 32. Rff3 Kf8 33. Rd7 hxg3 34. Rxg3
Rh4 35. Qxg5 Qe2+ 36. Kg1 Qe1+ 37. Kg2 Qe2+ 38. Kg1 Qe1+ 39. Kg2 Qe2+ 1/2-1/2

[Event "XXXVII Miedzynarodowy Turniej Szachowy o Puchar Wojewody Dolnoslaskiego"]
[Site "Legnica"]
[Date "1899-12-30"]
[Round "6.4"]
[White "Cherniaiev, Tykhon"]
[Black "Jarmula, Lukasz"]
[Result "0-1"]
[WhiteTitle "FM"]
[BlackTitle "GM"]
[WhiteElo "2330"]
[BlackElo "2439"]

1. d4 d6 2. e4 Nf6 3. Nc3 e5 4. Nf3 exd4 5. Nxd4 Be7 6. Be2 O-O 7. Be3 Re8 8. Qd2
c5 9. Nb3 a5 10. a4 Nc6 11. f3 Be6 12. O-O d5 13. exd5 Nxd5 14. Nxd5 Qxd5 15.
Qxd5 Bxd5 16. c4 Be6 17. Nxc5 Bf6 18. Ne4 Bxb2 19. Rad1 Bf5 20. Bd3 Ne5 21. Bb1
Nxc4 22. Bf2 Be5 23. Nf6+ Bxf6 24. Bxf5 Nb2 25. Rd7 Nxa4 26. Rxb7 Nc3 27. Bd3
Rec8 28. Bf5 Rcb8 29. Rxb8+ Rxb8 30. Be1 Bd4+ 31. Kh1 a4 32. Bxc3 Bxc3 33. Rc1
Bb2 34. Rc4 a3 35. Ra4 g6 36. Be4 Rd8 37. g3 Rd2 38. Ra5 Kf8 39. Ra7 h5 40. Bc6
g5 41. h4 g4 42. fxg4 hxg4 43. Be4 Rf2 44. Bd5 Ke8 45. Bc6+ Kd8 46. Bd5 f5 47.
Ra4 Kc7 48. h5 Kd6 49. Bg8 Rf3 50. Ra5 Kc6 51. Be6 Kb6 52. Ra8 Bd4 53. h6 Rf1+
54. Kg2 Rf2+ 55. Kh1 Re2 56. Bc4 Rc2 57. Be6 f4 58. Rxa3 Rc1+ 59. Kh2 Bg1+ 60.
Kg2 f3+ 61. Rxf3 gxf3+ 62. Kxf3 Rc3+ 63. Ke4 Re3+ 64. Kf5 Rxg3 65. h7 Bd4 66.
Bg8 Kc5 67. Ke4 Re3+ 68. Kf5 Bh8 69. Bf7 Kd4 70. Bg8 Re7 71. Kf4 Re4+ 72. Kf5
Ke3 73. Bf7 Re5+ 74. Kg6 Kf4 75. Bg8 Rf5 76. Bc4 Rf6+ 77. Kh5 Bg7 78. Bb3 Rh6#
0-1

[Event "XXXVII Miedzynarodowy Turniej Szachowy o Puchar Wojewody Dolnoslaskiego"]
[Site "Legnica"]
[Date "1899-12-30"]
[Round "6.5"]
[White "Razin, Vadim"]
[Black "Golubka, Petro"]
[Result "1/2-1/2"]
[WhiteTitle "m"]
[BlackTitle "GM"]
[WhiteElo "2407"]
[BlackElo "2371"]

1. e4 e6 2. d4 d5 3. exd5 exd5 4. Nf3 Bd6 5. Bd3 Nc6 6. O-O Nb4 7. Bb5+ Bd7 8.
Bxd7+ Qxd7 9. Re1+ Ne7 10. c3 Nbc6 11. Nbd2 O-O 12. Nf1 Rfe8 13. Bg5 Nf5 14. Qd3
a6 15. Rxe8+ Rxe8 16. Re1 Rxe1 17. Nxe1 Qe6 18. Nc2 f6 19. Bc1 h5 20. Qf3 g6 21.
g3 Nce7 22. Bf4 Kg7 23. Nfe3 c6 24. Bxd6 Nxd6 25. Qf4 Nef5 26. Nxf5+ Nxf5 27.
Qc7+ Kh6 28. Qf4+ Kg7 29. Qc7+ Qe7 30. Qxe7+ Nxe7 31. Nb4 a5 32. Nd3 Nc8 33. a4
Nd6 34. f3 Kf7 35. Kf2 g5 36. h4 1/2-1/2

[Event "XXXVII Miedzynarodowy Turniej Szachowy o Puchar Wojewody Dolnoslaskiego"]
[Site "Legnica"]
[Date "1899-12-30"]
[Round "7.1"]
[White "Golubka, Petro"]
[Black "Nowak, Lukasz"]
[Result "1/2-1/2"]
[WhiteTitle "GM"]
[BlackTitle "FM"]
[WhiteElo "2371"]
[BlackElo "2397"]

1. e4 c5 2. b3 g6 3. Bb2 Nf6 4. e5 Nd5 5. Qf3 Nb4 6. Bc4 e6 7. Na3 Bg7 8. Qg3 d5
9. Be2 b6 10. c3 N4c6 11. f4 Ba6 12. O-O-O Bxe2 13. Nxe2 Na6 14. Nb5 Bf8 15. h4
h5 16. d3 Nc7 17. c4 Nxb5 18. cxb5 Ne7 19. d4 Nf5 20. Qd3 Be7 21. g3 Kf8 22. Kb1
Kg7 23. Rc1 Rc8 24. a4 Qd7 25. Rc2 Rc7 26. Rhc1 Rhc8 27. dxc5 Bxc5 28. Bd4 Qe7
29. Rc3 Bxd4 30. Nxd4 Rxc3 31. Rxc3 Rxc3 32. Nxf5+ gxf5 33. Qxc3 Qa3 34. Qf3 Kh6
35. Qc3 Kg6 36. Qc2 Qb4 37. Ka2 Qe1 38. Qc8 Kg7 39. Qd8 Qxg3 40. Qf6+ Kg8 41.
Qd8+ Kh7 42. Qe7 Kg7 43. Qf6+ Kg8 1/2-1/2

[Event "XXXVII Miedzynarodowy Turniej Szachowy o Puchar Wojewody Dolnoslaskiego"]
[Site "Legnica"]
[Date "1899-12-30"]
[Round "7.2"]
[White "Jarmula, Lukasz"]
[Black "Razin, Vadim"]
[Result "1-0"]
[WhiteTitle "GM"]
[BlackTitle "m"]
[WhiteElo "2439"]
[BlackElo "2407"]

1. e4 e6 2. d4 d5 3. Nc3 Nf6 4. Bg5 dxe4 5. Nxe4 Be7 6. Bxf6 gxf6 7. Nc3 Nc6 8.
Nf3 f5 9. Bb5 Bf6 10. Qd2 a6 11. Bxc6+ bxc6 12. O-O-O Rb8 13. Ne5 Rg8 14. f4 Qd6
15. Na4 Qb4 16. Qxb4 Rxb4 17. Nc5 Rxg2 18. a3 Bxe5 19. fxe5 Rb8 20. Rdg1 Rg6 21.
h4 Kf8 22. h5 Rg4 23. Rxg4 fxg4 24. Rg1 f5 25. exf6 e5 26. dxe5 Kf7 27. c4 Bf5
28. Rf1 Be6 29. Nxa6 Rg8 30. Nxc7 Bxc4 31. Re1 g3 32. e6+ Bxe6 33. Nxe6 g2 34.
Ng7 Kxf6 35. h6 Kg5 36. Rg1 Kxh6 37. Rxg2 Rxg7 38. Rxg7 Kxg7 39. a4 h5 40. Kd2
Kf6 41. a5 1-0

[Event "XXXVII Miedzynarodowy Turniej Szachowy o Puchar Wojewody Dolnoslaskiego"]
[Site "Legnica"]
[Date "1899-12-30"]
[Round "7.3"]
[White "Klimkowski, Jan"]
[Black "Cherniaiev, Tykhon"]
[Result "1/2-1/2"]
[WhiteTitle "FM"]
[BlackTitle "FM"]
[WhiteElo "2474"]
[BlackElo "2330"]

1. d4 Nf6 2. c4 e6 3. Nc3 d5 4. cxd5 exd5 5. Bg5 Bb4 6. e3 h6 7. Bh4 O-O 8. Bd3
c5 9. Nge2 cxd4 10. Nxd4 Nc6 11. O-O Nxd4 12. exd4 Be6 13. Qb3 Bxc3 14. bxc3 Qb6
15. Bxf6 Qxb3 16. axb3 gxf6 17. f4 f5 18. c4 b6 19. Rfc1 a5 20. Kf2 Rfc8 21. c5
Rab8 22. cxb6 Rxc1 23. Rxc1 Rxb6 24. Bc2 Bd7 25. Ra1 a4 26. Ra3 Kf8 27. Ke3 axb3
28. Bxb3 Be6 29. Kd2 Ke7 30. Bc2 Rb4 31. Rd3 Kf6 32. Bb3 Rb8 33. Rh3 Kg7 34. Kc2
Rc8+ 35. Rc3 Rb8 36. Rc5 Rd8 37. Kc3 Kf6 38. Bd1 Ke7 39. Bf3 Kd6 40. Ra5 Rc8+
41. Kd3 Rb8 42. Ra4 Ke7 43. Ra7+ Kf6 44. Ra5 Rd8 45. Ke3 Ke7 46. Kf2 Kf6 47. Kg3
Rg8+ 48. Kh4 Rb8 49. Ra3 Rb4 50. Rd3 Kg6 51. Rd2 Ra4 52. Kg3 Rb4 53. Kf2 Kf6 54.
Be2 Ra4 55. Rd3 Rb4 56. Rh3 Kg7 57. Ke3 Rb3+ 58. Bd3 Ra3 59. Kd2 Ra2+ 60. Kc3
Rf2 61. Rf3 Ra2 62. Bc2 Ra8 63. Rg3+ Kf6 64. Rh3 Rh8 65. Kd2 Bd7 66. Rh5 Be6 67.
Bd3 Bd7 68. Ke3 Be6 69. Kf2 Bd7 70. Kf3 Be6 71. h3 Bd7 72. g3 Bc8 73. Bc2 Be6
74. Bd3 Bc8 75. g4 fxg4+ 76. hxg4 Bd7 77. Kg3 Rb8 78. Rxd5 Rb3 79. Rxd7 Rxd3+
80. Kh4 Ke6 81. Ra7 Rxd4 82. Ra6+ Ke7 83. f5 Kf8 84. Rxh6 Kg7 85. Kh5 Rd5 86.
Ra6 Rc5 87. Kg5 Rb5 88. Kh5 Rc5 89. Ra4 Rb5 90. Rf4 Ra5 91. Rf3 Rb5 92. Kg5 Ra5
93. Re3 Rb5 94. Kf4 Rb4+ 95. Re4 Rb5 96. Rd4 Ra5 97. g5 Ra1 98. Rd7 Rf1+ 99. Ke5
Re1+ 100. Kd6 Rf1 101. f6+ Kg6 102. Ke7 Kxg5 103. Rd2 Ra1 104. Kxf7 Ra7+ 105.
Ke6 1/2-1/2

[Event "XXXVII Miedzynarodowy Turniej Szachowy o Puchar Wojewody Dolnoslaskiego"]
[Site "Legnica"]
[Date "1899-12-30"]
[Round "7.4"]
[White "Haba, Petr"]
[Black "Bogdanov, Egor"]
[Result "1-0"]
[WhiteTitle "GM"]
[BlackTitle "IM"]
[WhiteElo "2447"]
[BlackElo "2394"]

1. d4 g6 2. e4 Bg7 3. Nc3 a6 4. Be3 d6 5. Qd2 b5 6. h4 h5 7. O-O-O Nd7 8. Nh3 Bb7
9. Ng5 Nh6 10. f3 c5 11. dxc5 dxc5 12. g3 Qc7 13. Nd5 Qc6 14. Bh3 e6 15. Bxe6
fxe6 16. Nxe6 Be5 17. f4 Qxe6 18. fxe5 O-O-O 19. Bxh6 Nxe5 20. Bf4 Rhe8 21. Qa5
Bxd5 22. exd5 Rxd5 23. Rxd5 Qxd5 24. Rd1 Qe6 25. Bxe5 Qxe5 26. Qxa6+ Kc7 27. Qa7+
Kc8 28. Qd7+ Kb8 29. Qxb5+ Kc8 30. Qc6+ Kb8 31. Qd6+ Qxd6 32. Rxd6 g5 33. Rd5
g4 34. Rxc5 1-0

[Event "XXXVII Miedzynarodowy Turniej Szachowy o Puchar Wojewody Dolnoslaskiego"]
[Site "Legnica"]
[Date "1899-12-30"]
[Round "7.5"]
[White "Seemann, Jakub"]
[Black "Dzida, Kamil"]
[Result "1-0"]
[WhiteTitle "FM"]
[BlackTitle "m"]
[WhiteElo "2446"]
[BlackElo "2352"]

1. e4 c5 2. Nf3 d6 3. d4 cxd4 4. Nxd4 Nf6 5. Nc3 a6 6. Bd3 e5 7. Nde2 Be7 8. O-O
O-O 9. Ng3 Be6 10. Nd5 Bxd5 11. exd5 g6 12. c4 Nbd7 13. Kh1 Ne8 14. Bh6 Ng7 15.
f4 f5 16. Ne2 Bf6 17. Rb1 Rc8 18. fxe5 Nxe5 19. Nf4 Ng4 20. Bxg7 Bxg7 21. Qe1
Re8 22. Ne6 Qf6 23. h3 Ne5 24. Qe2 Nd7 25. b4 Nf8 26. c5 Nxe6 27. dxe6 d5 28.
Rfe1 Rc6 29. Qf3 Qd4 30. Bc2 Rexe6 31. Bb3 Kf8 32. Bxd5 Rxe1+ 33. Rxe1 Rc7 34.
Qe2 Bf6 35. Qe6 Kg7 36. Qd6 Rc8 37. Qd7+ Kh6 38. Qxc8 Qxd5 39. Qe6 Qd8 40. Qd6
Qh8 41. Qc7 Bc3 42. Qf4+ Kh5 43. g4+ 1-0

[Event "XXXVII Miedzynarodowy Turniej Szachowy o Puchar Wojewody Dolnoslaskiego"]
[Site "Legnica"]
[Date "1899-12-30"]
[Round "8.1"]
[White "Nowak, Lukasz"]
[Black "Dzida, Kamil"]
[Result "1-0"]
[WhiteTitle "FM"]
[BlackTitle "m"]
[WhiteElo "2397"]
[BlackElo "2352"]

1. e4 c5 2. c3 Nf6 3. e5 Nd5 4. Nf3 Nc6 5. Bc4 Nb6 6. Bb3 c4 7. Bc2 d6 8. exd6
Qxd6 9. O-O Bg4 10. Re1 Qf6 11. Qe2 Bxf3 12. gxf3 e6 13. Na3 Qg5+ 14. Kh1 Qh4
15. Qf1 Bxa3 16. bxa3 O-O-O 17. d4 cxd3 18. Bxd3 Rxd3 19. Qxd3 Qxf2 20. Bg5 Qc5
21. Be3 Qc4 22. Qc2 Nd5 23. Bd2 Nf6 24. Bg5 Nd5 25. Rab1 h6 26. Bd2 Nf6 27. Qb3
Qd3 28. Be3 Qf5 29. Rf1 Rd8 30. Rbd1 Rd3 31. Rxd3 Qxd3 32. Re1 Qf5 33. Qd1 Nd7
34. Bd4 g5 35. Kg2 Qd5 36. Qb3 Qf5 37. Qb1 Qd5 38. Qh7 Qxa2+ 39. Bf2 e5 40. Qxh6
f6 41. Qh3 Qc2 42. Qe6 Kc7 43. Qd5 Qh7 44. Rd1 Qe7 45. c4 Nb6 46. Qd3 Nd7 47.
a4 Nf8 48. c5 Qf7 49. Qf5 Ne7 50. Qe4 Ne6 51. Be3 Nc6 52. Rd6 Ned4 53. Bxd4 Nxd4
54. a5 Qa2+ 55. Kh3 f5 56. Qxe5 g4+ 57. fxg4 fxg4+ 58. Kxg4 Qg2+ 59. Kh5 Qh3+
60. Kg6 Qg4+ 61. Kf7 Nc6 62. Rxc6+ 1-0

[Event "XXXVII Miedzynarodowy Turniej Szachowy o Puchar Wojewody Dolnoslaskiego"]
[Site "Legnica"]
[Date "1899-12-30"]
[Round "8.2"]
[White "Bogdanov, Egor"]
[Black "Seemann, Jakub"]
[Result "1/2-1/2"]
[WhiteTitle "IM"]
[BlackTitle "FM"]
[WhiteElo "2394"]
[BlackElo "2446"]

1. e4 c5 2. d4 cxd4 3. Qxd4 Nc6 4. Qd3 g6 5. Nc3 Bg7 6. Nf3 Nf6 7. Be2 O-O 8. O-O
d6 9. Nd5 Nd7 10. c3 e6 11. Ne3 Nc5 12. Qc2 d5 13. exd5 exd5 14. Rd1 Be6 15. Bc4
dxc4 16. Rxd8 Rfxd8 17. Ng5 Bc8 18. Ne4 Nxe4 19. Qxe4 Be6 20. Qc2 Rd3 21. Nf1
b5 22. a3 a5 23. Bf4 Rad8 24. Re1 Bf5 25. Qe2 b4 26. axb4 axb4 27. Bg5 Rc8 28.
Ng3 bxc3 29. Nxf5 gxf5 30. bxc3 Bxc3 31. Rb1 Nd4 32. Qh5 Ne6 33. Bh6 Bg7 34. Bxg7
Nxg7 35. Qe2 Ne6 36. Rc1 Rb3 37. Qd1 Rd8 38. Qh5 Rb5 39. h4 Rc5 40. Qf3 Rd3 41.
Qe2 Rd4 42. h5 c3 43. Rc2 Rdc4 44. h6 Kf8 45. Qe3 Ke7 46. Qg3 Kf6 47. Qg8 Rc8
48. Qxh7 Rd8 49. Kf1 Rcc8 50. g4 fxg4 51. Qe4 Rd2 52. Rxd2 cxd2 53. Ke2 Rd8 54.
Kd1 Rd4 55. Qh1 Rd8 56. Qh5 Rh8 57. Kxd2 Ng5 58. Ke3 Kf5 59. Kd4 Rd8+ 60. Kc5
Kf4 61. Qh2+ Kf5 62. Qh5 Kf4 63. Kc6 f5 64. Qh2+ Ke4 65. Qc7 Rd3 66. Qe7+ Kf4
67. h7 Nxh7 68. Qxh7 Rh3 69. Qg7 Kf3 70. Qd4 Kg2 71. Kd5 Rf3 72. Ke5 Rxf2 73.
Kf6 g3 74. Kg5 f4 75. Kg4 Kh1 76. Qd1+ Kh2 77. Qe1 Kg2 78. Qe4+ Kh2 79. Qe1 Kg2
80. Qe4+ Kh2 1/2-1/2

[Event "XXXVII Miedzynarodowy Turniej Szachowy o Puchar Wojewody Dolnoslaskiego"]
[Site "Legnica"]
[Date "1899-12-30"]
[Round "8.3"]
[White "Cherniaiev, Tykhon"]
[Black "Haba, Petr"]
[Result "1/2-1/2"]
[WhiteTitle "FM"]
[BlackTitle "GM"]
[WhiteElo "2330"]
[BlackElo "2447"]

1. e4 e6 2. d4 d5 3. exd5 exd5 4. Nf3 Bd6 5. Bd3 Ne7 6. O-O O-O 7. c3 Bf5 8. Re1
Bxd3 9. Qxd3 f6 10. b3 Nbc6 11. Ba3 a6 12. Bxd6 Qxd6 13. Nbd2 Rae8 14. g3 Qd7
15. h4 Qf5 16. Qxf5 Nxf5 17. Rxe8 Rxe8 18. Re1 Kf7 19. Rxe8 Kxe8 20. Kf1 h5 21.
Ne1 Nd8 22. Nd3 Ne6 23. Ke2 c6 24. Nf1 Nd6 25. f3 Nf5 26. Kf2 Kf7 27. Ne3 Nd6
28. Ke2 g6 29. Ke1 Ke7 30. Ke2 Kf7 31. Ke1 Ke7 32. Ke2 1/2-1/2

[Event "XXXVII Miedzynarodowy Turniej Szachowy o Puchar Wojewody Dolnoslaskiego"]
[Site "Legnica"]
[Date "1899-12-30"]
[Round "8.4"]
[White "Razin, Vadim"]
[Black "Klimkowski, Jan"]
[Result "0-1"]
[WhiteTitle "m"]
[BlackTitle "FM"]
[WhiteElo "2407"]
[BlackElo "2474"]

1. d4 Nf6 2. Nf3 g6 3. c4 Bg7 4. Nc3 d5 5. h4 c6 6. Bf4 O-O 7. e3 Qb6 8. Rb1 Bf5
9. Bd3 Bxd3 10. Qxd3 Qa6 11. Ne5 e6 12. cxd5 Qxd3 13. Nxd3 exd5 14. b4 Nbd7 15.
a4 Rfc8 16. a5 b6 17. O-O Ne4 18. Nxe4 dxe4 19. Nb2 b5 20. Nd1 f5 21. Bd6 Kf7
22. Nc3 Ke6 23. Bc5 Nf6 24. Rfc1 Nd5 25. Ne2 h6 26. g3 g5 27. hxg5 hxg5 28. Kg2
a6 29. Rh1 Rh8 30. Rbc1 Rag8 31. Rxh8 Rxh8 32. Rc2 Kd7 33. Rc1 Nf6 34. Bb6 Rh6
35. Kg1 Nd5 36. Bc5 Bf6 37. Rb1 Bd8 38. Re1 Bc7 39. Nc1 Rh8 40. Kg2 Nf6 41. Nb3
Ng4 42. Rf1 f4 43. exf4 gxf4 44. d5 cxd5 45. Rd1 f3+ 46. Kg1 Rh5 47. Ba7 Bd6 48.
Bc5 Be7 49. Nd2 Bxc5 50. bxc5 Kc7 51. Nb3 e3 0-1

[Event "XXXVII Miedzynarodowy Turniej Szachowy o Puchar Wojewody Dolnoslaskiego"]
[Site "Legnica"]
[Date "1899-12-30"]
[Round "8.5"]
[White "Golubka, Petro"]
[Black "Jarmula, Lukasz"]
[Result "1/2-1/2"]
[WhiteTitle "GM"]
[BlackTitle "GM"]
[WhiteElo "2371"]
[BlackElo "2439"]

1. e4 d6 2. f4 d5 3. exd5 Nf6 4. Bb5+ Bd7 5. Qe2 Nxd5 6. d4 g6 7. Nf3 Bg7 8. O-O
O-O 9. Bc4 Bg4 10. c3 c5 11. dxc5 Qc7 12. Bxd5 Qxc5+ 13. Be3 Qxd5 14. h3 Bxf3
15. Qxf3 Qxf3 16. Rxf3 Nc6 17. Nd2 b5 18. a3 a5 19. Rc1 Rfc8 20. Kf2 e5 21. g4
Nd4 22. Bxd4 exd4 23. c4 a4 24. b4 axb3 25. Rxb3 Bf8 26. Rxb5 Rxa3 27. c5 Rc3
28. Nb3 Rxc1 29. Nxc1 Bxc5 30. Nd3 Bf8 31. Rd5 Bg7 32. Ne5 Rc2+ 33. Kf3 Rc3+ 34.
Ke4 Bxe5 35. Kxe5 Kg7 36. h4 Rh3 37. Rxd4 Rxh4 38. g5 Rh5 39. Ke4 h6 40. Rd5 Rh3
41. Rd7 h5 42. f5 gxf5+ 43. Kxf5 Rf3+ 44. Ke4 Rf1 45. Rd6 Re1+ 46. Kf5 Re6 47.
Rd5 Ra6 48. Rc5 h4 49. Rc4 h3 50. Rh4 Ra3 51. Kg4 Kg6 52. Rh6+ Kg7 53. Rxh3 Rxh3
54. Kxh3 f6 55. gxf6+ Kxf6 1/2-1/2

[Event "XXXVII Miedzynarodowy Turniej Szachowy o Puchar Wojewody Dolnoslaskiego"]
[Site "Legnica"]
[Date "1899-12-30"]
[Round "9.1"]
[White "Jarmula, Lukasz"]
[Black "Nowak, Lukasz"]
[Result "0-1"]
[WhiteTitle "GM"]
[BlackTitle "FM"]
[WhiteElo "2439"]
[BlackElo "2397"]

1. d4 d5 2. Nc3 Nf6 3. Bf4 e6 4. Nb5 Na6 5. e3 Be7 6. Nf3 O-O 7. h4 c6 8. Nc3 c5
9. a3 Bd7 10. h5 Rc8 11. Ne5 Be8 12. Bd3 Qb6 13. Rb1 Nb8 14. O-O Nbd7 15. h6 g6
16. Na4 Qd8 17. Nxc5 Nxc5 18. dxc5 Bxc5 19. Bg5 Be7 20. c4 Qc7 21. f4 dxc4 22.
Bxc4 Rd8 23. Qf3 Nd5 24. Bxe7 Qxe7 25. e4 Nf6 26. b4 Qd6 27. Kh2 Ba4 28. Bb3 Bxb3
29. Rxb3 Qd4 30. Rd3 Qxe4 31. Qxe4 Nxe4 32. Nd7 Kh8 33. Kg1 Rfe8 34. Rfd1 f5 35.
a4 Rc8 36. Ne5 Nc3 37. Rd7 Nxd1 38. Nf7+ Kg8 39. Ng5 Rf8 40. Rxd1 Rfd8 41. Re1
Rd6 42. Re2 Rc4 43. b5 Rxf4 44. Nf3 Rc4 45. a5 Rc5 46. Ng5 e5 47. Kh2 e4 48. Kg3
Rd1 49. Ne6 Re5 50. Ng5 Rc5 51. Ne6 Rc4 52. b6 a6 53. Kf2 Rd6 54. Ng5 Rdc6 55.
Kg1 Rc2 56. Re3 R6c3 0-1

[Event "XXXVII Miedzynarodowy Turniej Szachowy o Puchar Wojewody Dolnoslaskiego"]
[Site "Legnica"]
[Date "1899-12-30"]
[Round "9.2"]
[White "Klimkowski, Jan"]
[Black "Golubka, Petro"]
[Result "1-0"]
[WhiteTitle "FM"]
[BlackTitle "GM"]
[WhiteElo "2474"]
[BlackElo "2371"]

1. d4 d5 2. c4 e6 3. Nc3 Nf6 4. cxd5 exd5 5. Bg5 Be7 6. e3 c6 7. Bd3 Nbd7 8. h3
O-O 9. Qc2 Re8 10. Bf4 Nf8 11. Nf3 Ng6 12. Bh2 Bd6 13. Bxd6 Qxd6 14. O-O-O b5
15. Kb1 a5 16. g4 Ba6 17. g5 b4 18. Bxa6 Rxa6 19. Na4 Ne4 20. h4 Nf8 21. Ne1 Nd7
22. Nd3 Qe7 23. Rhe1 Nd6 24. f3 Nb5 25. Qf2 f5 26. gxf6 Qxf6 27. Rg1 Nd6 28. Rg5
Nf7 29. Rg4 h5 30. Rg2 Qf5 31. Ka1 Nf8 32. Nf4 Kh7 33. Rdg1 g6 34. Nc5 Ra7 35.
Qd2 Nd6 36. Rg5 Nc4 37. Qc1 Qf7 38. Qb1 Nxe3 39. Nxg6 Nxg6 40. Rxh5+ Kg7 41. Rhg5
1-0

[Event "XXXVII Miedzynarodowy Turniej Szachowy o Puchar Wojewody Dolnoslaskiego"]
[Site "Legnica"]
[Date "1899-12-30"]
[Round "9.3"]
[White "Haba, Petr"]
[Black "Razin, Vadim"]
[Result "1-0"]
[WhiteTitle "GM"]
[BlackTitle "m"]
[WhiteElo "2447"]
[BlackElo "2407"]

1. e4 e6 2. d4 d5 3. e5 c5 4. c3 Nc6 5. Nf3 Bd7 6. a3 Qb6 7. b4 cxd4 8. cxd4 Rc8
9. Bb2 Na5 10. Nbd2 Nc4 11. Nxc4 dxc4 12. Rc1 a5 13. Nd2 axb4 14. Nxc4 Qd8 15.
a4 Bc6 16. a5 Ra8 17. a6 Rxa6 18. Nd6+ Bxd6 19. Bxa6 Bb8 20. Be2 Ne7 21. Bf3 Nd5
22. O-O O-O 23. Qb3 Qg5 24. Rc5 Rd8 25. Rfc1 Ba7 26. Bxd5 Bxc5 27. Bxc6 Bxd4 28.
Bf3 Qd2 29. Qc2 Bxf2+ 30. Kf1 g6 31. Qxd2 Rxd2 32. Rb1 Bc5 33. Bxb7 Kg7 34. Ke1
Rd3 35. Ke2 Rb3 36. Kd2 Bd4 37. Kc2 Rxb2+ 38. Rxb2 Bxb2 39. Kxb2 Kh6 40. Bc6 Kg5
41. Be8 f6 42. exf6 Kxf6 43. Kb3 Kf5 44. Bd7 g5 45. Kxb4 Ke4 46. Bxe6 Ke3 47.
h3 Kf2 48. Bd5 h5 49. Kc5 Kg3 50. Kd6 g4 51. hxg4 Kxg4 52. Be6+ 1-0

[Event "XXXVII Miedzynarodowy Turniej Szachowy o Puchar Wojewody Dolnoslaskiego"]
[Site "Legnica"]
[Date "1899-12-30"]
[Round "9.4"]
[White "Seemann, Jakub"]
[Black "Cherniaiev, Tykhon"]
[Result "1-0"]
[WhiteTitle "FM"]
[BlackTitle "FM"]
[WhiteElo "2446"]
[BlackElo "2330"]

1. d4 Nf6 2. c4 e6 3. Nc3 d5 4. cxd5 exd5 5. Bg5 Be7 6. e3 c6 7. Bd3 h6 8. Bh4
O-O 9. Nge2 Nh5 10. Bxe7 Qxe7 11. O-O Re8 12. Qd2 Nf6 13. Nf4 b5 14. a4 b4 15.
Na2 a5 16. Nc1 Ba6 17. Nb3 Ne4 18. Qc2 Bxd3 19. Nxd3 Rc8 20. Rac1 Nd7 21. Rfe1
Nd6 22. Nbc5 Nxc5 23. Nxc5 g6 24. Re2 Kg7 25. Qd1 Ra7 26. Rec2 h5 27. Qf3 f6 28.
Qh3 Kf7 29. Nb3 Ra6 30. Rc5 Qd8 31. Nxa5 Qe8 32. Nb3 Rxa4 33. R5c2 Ra2 34. Nc5
Raa8 35. Qf3 Kg7 36. h3 Ra7 37. Qd1 Kh7 38. Qd3 Raa8 39. f3 Kg7 40. e4 dxe4 41.
fxe4 Qe7 42. Re2 Nb7 43. Nxb7 Qxb7 44. e5 fxe5 45. Rxe5 Re8 46. Qe4 Rxe5 47. Qxe5+
Kh7 48. Qd6 Rc8 49. Re1 Rc7 50. Re8 Rf7 51. Qe5 Rg7 52. Qf6 Qf7 53. Qd8 Kh6 54.
h4 Qf4 55. Rh8+ Rh7 56. Qg5+ Qxg5 57. hxg5+ Kg7 58. Rc8 h4 59. Rc7+ Kh8 60. Rxc6
Rd7 61. Rc4 Rd5 62. Rxb4 Rxg5 63. d5 Rxd5 64. Rxh4+ Kg7 65. b4 Rd2 66. Kh2 Rb2
67. Kh3 Rb3+ 68. g3 Kf6 69. Rc4 Kg5 70. Rc5+ Kf6 71. Rb5 Rc3 72. Kh4 Rc1 73. Rb6+
Kf7 74. Kg5 Rc4 75. Rf6+ Ke7 76. Rf4 Rc6 77. g4 Rb6 78. Kh6 Ke8 79. g5 Ke7 80.
Kg7 Ke8 81. Rf6 Rxb4 82. Kxg6 Rg4 83. Kh6 Rh4+ 84. Kg7 Ke7 85. g6 Rg4 86. Rf1
Rg2 87. Kh7 Rh2+ 88. Kg8 Rg2 89. g7 Re2 90. Rh1 Rg2 91. Kh7 Kf7 92. g8=Q+ Rxg8
93. Rf1+ Ke7 94. Kxg8 Kd7 95. Rf6 Ke8 96. Rf7 Kd8 97. Kg7 Ke8 98. Kf6 Kd8 99.
Ke6 Kc8 100. Kd6 Kb8 101. Kc6 Kc8 102. Rf8# 1-0

[Event "XXXVII Miedzynarodowy Turniej Szachowy o Puchar Wojewody Dolnoslaskiego"]
[Site "Legnica"]
[Date "1899-12-30"]
[Round "9.5"]
[White "Dzida, Kamil"]
[Black "Bogdanov, Egor"]
[Result "1/2-1/2"]
[WhiteTitle "m"]
[BlackTitle "IM"]
[WhiteElo "2352"]
[BlackElo "2394"]

1. e4 c5 2. Nf3 d6 3. d4 cxd4 4. Nxd4 Nf6 5. Nc3 g6 6. Be3 Bg7 7. f3 O-O 8. Qd2
Nc6 9. O-O-O d5 10. exd5 Nxd5 11. Nxc6 bxc6 12. Bd4 Nxc3 13. Qxc3 Bh6+ 14. Be3
Bxe3+ 15. Qxe3 Qb6 16. Qc3 Be6 17. h4 Rfd8 18. Rxd8+ Rxd8 19. h5 g5 20. Bd3 h6
21. Re1 Rd4 22. g3 c5 23. Re5 Rd5 24. Re1 Rd4 25. Re5 Rd5 26. Re1 Rd4 27. Re5
Rd5 28. Re1 Rd4 29. Re5 Rd5 30. Re1 Rd4 1/2-1/2